NLSUI OPAC header image

Untouchable castes in India : (Record no. 118419)

MARC details
000 -LEADER
fixed length control field 00930cam a2200301 a 4500
001 - CONTROL NUMBER
control field 14505104
003 - CONTROL NUMBER IDENTIFIER
control field OSt
005 - DATE AND TIME OF LATEST TRANSACTION
control field 20200616155250.0
008 - FIXED-LENGTH DATA ELEMENTS--GENERAL INFORMATION
fixed length control field 060818s2006 ii b 000 0 eng
010 ## - LIBRARY OF CONGRESS CONTROL NUMBER
LC control number 2006414527
020 ## - INTERNATIONAL STANDARD BOOK NUMBER
International Standard Book Number 9788131600290
025 ## - OVERSEAS ACQUISITION NUMBER
Overseas acquisition number I-E-2006-414527; 68-91; 69-91
037 ## - SOURCE OF ACQUISITION
Source of stock number/acquisition Library of Congress -- New Delhi Overseas Office
Terms of availability Rs750.00
040 ## - CATALOGING SOURCE
Original cataloging agency DLC
Transcribing agency DLC
042 ## - AUTHENTICATION CODE
Authentication code lcode
043 ## - GEOGRAPHIC AREA CODE
Geographic area code a-ii---
050 00 - LIBRARY OF CONGRESS CALL NUMBER
Classification number DS432.R238
Item number S59 2006
082 ## - DEWEY DECIMAL CLASSIFICATION NUMBER
Classification number 305.56880954 SHY
100 1# - MAIN ENTRY--PERSONAL NAME
Personal name Shyamlal,
Dates associated with a name 1944-
245 10 - TITLE STATEMENT
Title Untouchable castes in India :
Remainder of title The Raigar movement (1940-2004) /
Statement of responsibility, etc. Shyamlal.
260 ## - PUBLICATION, DISTRIBUTION, ETC.
Place of publication, distribution, etc. Jaipur :
Name of publisher, distributor, etc. Rawat Publications,
Date of publication, distribution, etc. 2006.
300 ## - PHYSICAL DESCRIPTION
Extent xiv, 362 p. ;
Dimensions 23 cm.
650 #0 - SUBJECT ADDED ENTRY--TOPICAL TERM
Topical term or geographic name entry element Raigaras
General subdivision Social conditions.
650 #0 - SUBJECT ADDED ENTRY--TOPICAL TERM
Topical term or geographic name entry element Raigaras
General subdivision Politics and government.
906 ## - LOCAL DATA ELEMENT F, LDF (RLIN)
a 7
b cbc
c origode
d 3
e ncip
f 20
g y-gencatlg
942 ## - ADDED ENTRY ELEMENTS (KOHA)
Source of classification or shelving scheme Dewey Decimal Classification
Koha item type CSSEIP Office Library Collection
Holdings
Withdrawn status Lost status Source of classification or shelving scheme Materials specified (bound volume or other part) Damaged status Not for loan Home library Current library Shelving location Date acquired Total Checkouts Full call number Barcode Date last seen Price effective from Koha item type Public note
    Dewey Decimal Classification PB     . . CSSEIP Office Library - Ambedkar Studies Books 16.06.2020   305.56880954 SHY AMB091 16.06.2020 16.06.2020 CSSEIP Office Library Collection Available in CSSEIP Department Library